Explorando la imaginación infantil = (Registro nro. 7321)

Detalles MARC
000 -LIDER
fixed length control field 00785nam a2200253 a 4500
001 - NÚMERO DE CONTROL
Identificador de número de control 000017024
003 - IDENTIFICACDOR DE NÚMERO DE CONTROL
control field DO-SdBNP
005 - DATE AND TIME OF LATEST TRANSACTION
control field 20171017114822.0
007 - CAMPOS FIJOS DE DESCRIPCIÓN FÍSICA
fixed length control field 000017024
008 - ELEMENTOS DE LONGITUD FIJA
fixed length control field 100316s2010 dr a 000 0 spa d
020 ## - ISBN
International Standard Book Number 9945160141
040 ## - FUENTE DE CATALOGACIÓN
Agencia que crea de manera original el registro BPMSU
Idioma de catalogación spa
Agencia que realiza la transcripción BPMSU
092 ## - LOCALLY ASSIGNED DEWEY DECIMAL CALL NUMBER
Número de clasificación xxx
Número de ítem (Cutter) S684e
100 1# - ASIENTO PRINCIPAL -- NOMBRE PERSONAL
Nombre personal Solano, Miguel
245 10 - MENCIÓN DE TITULO
Título Explorando la imaginación infantil =
Subtítulo Exploring Children's imagination.
246 ## - VARIACION DEL TÍTULO
Título propiamente dicho o título corto Exploring Children's imagination.
250 ## - MENCIÓN DE EDICION
Mención de edición 2da. ed.
260 ## - PUBLICACIÓN, DISTRIBUCIÓN, ETC. (PIE DE IMPRENTA)
Lugar de publicación, distribución, etc Santo Domingo :
Nombre del editor, distribuidor, etc. Ediciones Aqi
Fecha de publicación, distribución, etc 2006
300 ## - DESCRIPCIÓN FÍSICA
Extensión 45 p. :
Otros detalles físicos il. ;
Dimensiones 26 cm.
534 ## - NOTA SOBRE LA VERSIÓN ORIGINAL
Asiento principal del original Versión en inglés: Amy Harrison, Georgetown University, Washintog Dc
942 ## - ADDED ENTRY ELEMENTS (KOHA)
Source of classification or shelving scheme Dewey Decimal Classification
Koha item type Libros
945 ## - INFORMACIÓN DE PROCESAMIENTO LOCAL
Información de procesamiento local Inventariado infantil / 2017 VM
956 ## - LOCAL ELECTRONIC LOCATION AND ACCESS (OCLC)
Nombre de host VMATEO
Número de acceso 10
Información de compresión 20150203
Inicio de sesión BPMSU
Procesador de solicitud 0069
Existencias
Withdrawn status Lost status Source of classification or shelving scheme Damaged status Not for loan Collection code Home library Current library Date acquired Total Checkouts Barcode Date last seen Copy number Price effective from Koha item type
    Dewey Decimal Classification     Colección Infantil Dominicana Biblioteca Pública Metropolitana Salomé Ureña Biblioteca Pública Metropolitana Salomé Ureña 02/03/2015   BPMSU15041011 02/03/2015 02/03/2015 Libros
    Dewey Decimal Classification     Colección Infantil Dominicana Biblioteca Pública Metropolitana Salomé Ureña Biblioteca Pública Metropolitana Salomé Ureña 02/03/2015   BPMSU15041012 02/03/2015 e. 2 02/03/2015 Libros
    Dewey Decimal Classification       Biblioteca Pública Metropolitana Salomé Ureña Biblioteca Pública Metropolitana Salomé Ureña 02/03/2015   BPMSU15041013 02/03/2015 e. 3 02/03/2015 Libros